| 000 | 00000nam 2200000zi 4500 |
| 001 | 9.943418 |
| 003 | CaOODSP |
| 005 | 20250120130544 |
| 006 | m o d f |
| 007 | cr cn |||||||| |
| 008 | 240919t20242024oncdab ob f00| 0 eng d |
| 020 | |a9780660737188 |
| 040 | |aCaOODSP|beng|erda|cCaOODSP |
| 043 | |an-cn-ns |
| 086 | 1 |aM41-11/171-2024E-PDF |
| 100 | 1 |aCorreia, V. |q(Vânia)|eauthor. |
| 245 | 10|aBarremian-Aptian (early Cretaceous) dinoflagellate cysts from the Scotian Margin, offshore eastern Canada / |cV. Correia, R.A. Fensome, R.A. MacRae, L.T. Dafoe, G.L. Williams, R. Silva, M.K.E. Cooper, and C. Skinner. |
| 264 | 1|a[Ottawa] : |bGeological Survey of Canada, |c2024. |
| 264 | 4|c©2024 |
| 300 | |a1 online resource (1 page) : |bcharts, illustrations, maps. |
| 336 | |atext|btxt|2rdacontent |
| 337 | |acomputer|bc|2rdamedia |
| 338 | |aonline resource|bcr|2rdacarrier |
| 490 | 1 |aScientific presentation ; |v171 |
| 500 | |a"Presented at 56th Annual Meeting AASP - The Palynological Society, Montpelier, France. Date presented: 24-28 June 2024." |
| 504 | |aIncludes bibliographical references. |
| 650 | 0|aDinoflagellate cysts|zScotian Shelf. |
| 650 | 0|aPalynology|yCretaceous. |
| 650 | 6|aKystes de dinoflagellés|zNéo-écossaise, Plateforme. |
| 650 | 6|aPalynologie|yCrétacé. |
| 710 | 2 |aGeological Survey of Canada, |eissuing body. |
| 830 | #0|aScientific presentation (Geological Survey of Canada)|v171.|w(CaOODSP)9.820265 |
| 856 | 40|qPDF|s26.60 MB|uhttps://publications.gc.ca/collections/collection_2025/rncan-nrcan/m41-11/M41-11-171-2024-eng.pdf |
| 856 | 4 |qHTML|sN/A|uhttps://doi.org/10.4095/px3z0cwe2e |